| 000 | 00920aam a2200361 4500 | ||
|---|---|---|---|
| 005 | 20240807134752.0 | ||
| 008 | 150324b2013 CH ||||| |||| 00| 0 ENG d | ||
| 020 | _a9780801478703 | ||
| 041 | _aING | ||
| 041 | _aESP | ||
| 082 | _a597.9 M971a | ||
| 100 |
_aMuñóz Chacón, Federico _927612 |
||
| 100 |
_aDennis Johnston, Richard _927613 |
||
| 245 | _aAnfibios y reptiles de Costa Rica: guía de bolsillo en inglés y español | ||
| 260 | _aCosta Rica | ||
| 260 | _bA zona Tropical Publication | ||
| 260 | _c2013 | ||
| 300 | _a215 páginas | ||
| 505 | _aIncluye ilustraciones y fotografías | ||
| 650 | _aCOSTA RICA | ||
| 650 | _aANFIBIOS | ||
| 650 | _aREPTILES | ||
| 650 | _aCECÍLIDOS | ||
| 650 | _aSAPOS | ||
| 650 | _aRANAS | ||
| 650 | _aSALAMANDRAS | ||
| 650 | _aTORTUGAS | ||
| 650 | _aLAGARTIJAS | ||
| 650 | _aSERPIENTES | ||
| 650 | _aCOCODRILOS | ||
| 942 |
_cBK _2ddc |
||
| 999 |
_c3250 _d3250 |
||